|
|
|
|
| LEADER |
00663nab a2200193 i 4500 |
| 001 |
tisza3507 |
| 005 |
20200330123608.0 |
| 008 |
170111s1965 hu o 0|| hun d |
| 022 |
|
|
|a 0133-1167
|
| 040 |
|
|
|a SZTE Tiszatáj Archívum
|b hun
|
| 041 |
|
|
|a hun
|
| 100 |
1 |
|
|a Markovits Györgyi
|
| 245 |
1 |
0 |
|a Látogatás Tihanyi Ernőnél
|h [elektronikus dokumentum] :
|b [tanulmány] /
|c Markovits Györgyi
|
| 260 |
|
|
|c 1965
|
| 300 |
|
|
|a 32-34
|
| 490 |
0 |
|
|a Tiszatáj
|v 19 No. 1
|
| 695 |
|
|
|a Magyar irodalom története - 20. sz. - vers - tanulmányok
|
| 700 |
0 |
1 |
|a Tihanyi Ernő
|
| 856 |
4 |
0 |
|u http://tiszataj.bibl.u-szeged.hu/3507/1/tiszataj_1965_001_032-034.pdf
|z Dokumentum-elérés
|